000 01219nam a2200349 a 4500
001 000013666
003 DO-SdBNP
005 20170927090519.0
007 000013666
008 091127s2002 dr a 001 m spa d
020 _a9993425257
040 _aBPMSU
_bspa
_cBPMSU
082 4 _aRD868.5
_bC117t
100 1 _aCabrera, Carlos Enrique
245 1 0 _aReflexiones de bolsillo /
_cCarlos Enrique Cabrera ; prólogo Manuel Matos Moquete.
260 _aSanto Domingo :
_bINTEC,
_c2002.
300 _a145 p. :
_bil. ;
_c22 cm.
500 _aIncluye datos biográficos del autor en la contracubierta.
650 4 _aPROSA DOMINICANA
650 4 _aLITERATURA DOMINICANA
700 1 _aMatos Moquete, Manuel,
_d1944-,
_epról.
710 2 2 _4Instituto Tecnológico de Santo Domingo,
910 _aValidado. Control de calidad EMS
930 1 _lBND01
_mLF1
_hRD868.5
_820130513
_f04
_pHD
_g8574
930 1 _lBND01
_mLF1
_hRD868.5
_820130513
_f04
_pHD
_g8574
_he. 2
942 _2ddc
_cBK
945 _aInventariado, 2017/MFF
956 _aAVARGAS
_b10
_c20091127
_lBND01
_h1053
956 _aNMORDAN
_b10
_c20130412
_lBND01
_h1108
956 _aEMARRERO
_b40
_c20131215
_lBND01
_h2230
956 _aVMATEO
_b10
_c20150731
_lBPMSU
_h00151
999 _c8040
_d8040